Una mirada al mundo de las mujeres constructoras trabajo y cuidado familiar / (Registro nro. 50312)

Detalles MARC
000 -LEADER
fixed length control field 02503nam a2200277Ia 4500
003 - CONTROL NUMBER IDENTIFIER
control field CO-CtgCURN
005 - DATE AND TIME OF LATEST TRANSACTION
control field 20260307155235.0
008 - FIXED-LENGTH DATA ELEMENTS--GENERAL INFORMATION
fixed length control field 260224s9999 xx 000 0 und d
020 ## - INTERNATIONAL STANDARD BOOK NUMBER
International Standard Book Number 9789917993513
040 ## - CATALOGING SOURCE
Original cataloging agency CO-CtgCURN
Language of cataloging spa
Transcribing agency coctgcurn
082 ## - DEWEY DECIMAL CLASSIFICATION NUMBER
Classification number 305.42
Item number A398
100 ## - MAIN ENTRY--PERSONAL NAME
Personal name Aliaga Choque, Mirna
Relator term autora
245 #0 - TITLE STATEMENT
Title Una mirada al mundo de las mujeres constructoras trabajo y cuidado familiar /
Statement of responsibility, etc. Mirna Aliaga Choque; Consuelo Flores Gonzáles
250 ## - EDITION STATEMENT
Edition statement 1 edición
260 ## - PUBLICATION, DISTRIBUTION, ETC.
Place of publication, distribution, etc. La Paz, Bolivia :
Name of publisher, distributor, etc. Universidad Mayor de San Andrés,
Date of publication, distribution, etc. 2021
300 ## - PHYSICAL DESCRIPTION
Extent 119 páginas :
Other physical details fotografias, graficas ;
Dimensions 26 centímetros
500 ## - GENERAL NOTE
General note Incluye introducción e índices
504 ## - BIBLIOGRAPHY, ETC. NOTE
Bibliography, etc. note Incluye referencias bibliográficas (p. 109-111)
505 ## - FORMATTED CONTENTS NOTE
Formatted contents note 1. Rutas metodológicas -- 2. Tendencias del conocimiento mujeres constructoras -- Mujer, trabajo y empleo -- El trabajo de cuidado -- El auto cuidado -- 3. Mujeres constructoras en los macrodistritos Cotahuma y sur -- Macrodistrito cotahuma -- Macrodistrito sur -- Mujeres constructoras en los macrodistritos -- 4. Perfil de mujeres constructoras -- Datos sociodemográficos -- Trabajo en la construcción Formas de capacitación y entrenamiento de las mujeres constructoras -- Demanda de capacitación de las mujeres constructoras -- Nivel de satisfacción sobre el trabajo que realiza -- Participación en organizaciones de mujeres -- 5. Derechos laborales -- Derechos laborales -- Cargo que desempeñan las mujeres constructoras -- Seguro de salud -- riesgos que las mujeres enfrentan en el rubro de la construcción -- Sugerencias para evitar riesgos en el trabajo -- 6. Relaciones en el trabajo -- Relaciones con los compañeros de trabajo -- Aspectos negativos en la relación laboral con los hombres -- Trato que reciben de sus empleadores -- Relaciones con las compañeras de trabajo -- 7. Mujeres albañiles y la economía del cuidado -- Actividades que las mujeres constructoras realizan antes de ir a trabajr -- apoyo que las mujeres constructoras tienen para cuidar a sus hijos -- Actividades por familiares -- Presencia del estado en las tareas de cuidado -- Dificultades en el cuidado familiar -- Mujeres constructoras y el autocuidado -- El falso descanso.
521 ## - TARGET AUDIENCE NOTE
Target audience note AREA BASICA
590 ## - LOCAL NOTE (RLIN)
Local note Programa de Trabajo Social_26
650 ## - SUBJECT ADDED ENTRY--TOPICAL TERM
Topical term or geographic name entry element Mujeres
700 ## - ADDED ENTRY--PERSONAL NAME
Personal name Flores Gonzáles, Consuelo
Relator term autora
942 ## - ADDED ENTRY ELEMENTS (KOHA)
Koha item type Libros
Classification part 305.42
Item part A398
Source of classification or shelving scheme Dewey Decimal Classification
Existencias
Withdrawn status Lost status Source of classification or shelving scheme Damaged status Not for loan Collection Home library Current library Shelving location Date acquired Cost, normal purchase price Inventory number Total checkouts Full call number Barcode Date last seen Copy number Price effective from Koha item type
    Dewey Decimal Classification     General Miguel Henríquez Castañeda Barranquilla Miguel Henríquez Castañeda Barranquilla General 02/04/2026 35.00 05492   305.42 A398 05492 02/24/2026 ej.1 02/24/2026 Libros